|
|
|
|
| LEADER |
00837cam a2200229 7i4500 |
| 001 |
0000032983 |
| 005 |
20230627090000.0 |
| 008 |
100331 eng |
| 020 |
|
|
|a 9780470176436 (hbk.)
|
| 040 |
|
|
|a DLC
|
| 090 |
0 |
0 |
|a QA76.9.D343
|b .B55 2008
|
| 100 |
1 |
|
|a Bilisoly, Roger
|
| 245 |
1 |
0 |
|a Practical text mining with Perl
|c Roger Bilisoly.
|
| 260 |
|
|
|a Hoboken, N.J.:
|b Wiley,
|c 2008.
|
| 300 |
|
|
|a xxiv, 295 p.:
|b ill.;
|c 26 cm.
|
| 490 |
0 |
|
|a Wiley series on methods and applications in data mining
|
| 504 |
|
|
|a Includes bibliographical references and index
|
| 650 |
0 |
0 |
|a Text processing (Computer science)
|
| 650 |
0 |
0 |
|a Data mining
|
| 997 |
|
|
|a Engineering & Life Sciences, Faculty
|b Science & Biotechnology, Department
|
| 998 |
|
|
|a Bioinformatics, Degree
|
| 999 |
|
|
|a 0000042167
|b BOK
|c OPEN SHELF
|e 2nd Floor, Bestari Jaya
|